[Event "New York GM"]
[Site "New York USA"]
[Date "2023.04.09"]
[Round "9"]
[White "Sai Krishna, GV."]
[Black "Atanasov, Anthony"]
[Result "1/2-1/2"]
[WhiteElo "2385"]
[BlackElo "2368"]
[PlyCount "33"]
[EventDate "2023.04.05"]
[EventType "team"]
[EventRounds "9"]
[EventCountry "USA"]
[Source "ChessMix"]
[SourceDate "2023.04.10"]
[WhiteTeam "Team 3"]
[BlackTeam "Team 2"]

1. e4 e5 2. Nf3 Nf6 3. Nxe5 d6 4. Nf3 Nxe4 5. Nc3 Nxc3 6. dxc3 Be7 7. Bf4 Nd7
8. Qd2 O-O 9. O-O-O Re8 10. Kb1 Nf6 11. Bc4 Bf5 12. h4 d5 13. Bxd5 Qxd5 14.
Qxd5 Nxd5 15. Rxd5 Be4 16. Re5 Bxf3 17. gxf3 1/2-1/2

[Event "Excelsior March op"]
[Site "Toronto CAN"]
[Date "2023.03.11"]
[Round "2.12"]
[White "Atanasov, Anthony"]
[Black "Ajith, Aayush"]
[Result "1-0"]
[WhiteElo "2361"]
[BlackElo "1915"]
[PlyCount "75"]
[EventDate "2023.03.19"]
[EventType "swiss"]
[EventRounds "5"]
[EventCountry "CAN"]

1. d4 Nf6 2. Nf3 e6 3. Bf4 d5 4. e3 Bd6 5. a3 b6 6. Nbd2 O-O 7. h4 Bxf4 8. exf4
c5 9. h5 cxd4 10. Bd3 Nbd7 11. h6 g6 12. Qe2 Qc7 13. Rh4 Nc5 14. Nxd4 Bb7 15.
Qe5 Qxe5+ 16. fxe5 Nfd7 17. f4 f6 18. N2f3 fxe5 19. fxe5 Nxd3+ 20. cxd3 Nc5 21.
Rd1 Ba6 22. Ke2 Rae8 23. b4 Ne4 24. Ke3 Ng3 25. Rf4 Nf5+ 26. Nxf5 Rxf5 27. Rxf5
gxf5 28. Nd4 Kf7 29. b5 Bb7 30. g4 fxg4 31. Rf1+ Ke7 32. Rf6 Kd7 33. Kf4 a5 34.
Kxg4 Ba8 35. Rf7+ Re7 36. Rg7 Bb7 37. Kg5 Bc8 38. Kf6 1-0

[Event "Excelsior March op"]
[Site "Toronto CAN"]
[Date "2023.03.11"]
[Round "3.8"]
[White "Laughlin, Braden"]
[Black "Atanasov, Anthony"]
[Result "0-1"]
[WhiteElo "1664"]
[BlackElo "2361"]
[PlyCount "76"]
[EventDate "2023.03.19"]
[EventType "swiss"]
[EventRounds "5"]
[EventCountry "CAN"]

1. e4 e5 2. Nf3 Nf6 3. Nxe5 d6 4. Nd3 Nxe4 5. Qe2 Qe7 6. Nf4 Nc6 7. c3 Nf6 8.
h4 Bf5 9. d4 O-O-O 10. Qxe7 Bxe7 11. Bd3 Bxd3 12. Nxd3 Rde8 13. f3 Nd5 14. Kf2
f5 15. Nf4 Nb6 16. Nd3 h6 17. h5 Bf6 18. Nf4 Kd7 19. Nd2 Bg5 20. Nf1 Nc4 21. b3
Bxf4 22. bxc4 Bxc1 23. Rxc1 f4 24. Rh4 Rhf8 25. Re1 Rxe1 26. Kxe1 Rf5 27. Rg4
Ne7 28. Nd2 Rxh5 29. Rxg7 Ra5 30. Rf7 Rxa2 31. Rxf4 a5 32. Ke2 a4 33. Kd3 a3
34. Rh4 Ng6 35. Rxh6 Nf4+ 36. Ke3 Nxg2+ 37. Kd3 Ne1+ 38. Ke3 Rxd2 0-1

[Event "Excelsior March op"]
[Site "Toronto CAN"]
[Date "2023.03.12"]
[Round "4.5"]
[White "Atanasov, Anthony"]
[Black "Qian, Ashley"]
[Result "1-0"]
[WhiteElo "2361"]
[BlackElo "1481"]
[PlyCount "143"]
[EventDate "2023.03.19"]
[EventType "swiss"]
[EventRounds "5"]
[EventCountry "CAN"]

1. d4 d5 2. Bf4 Nf6 3. e3 c5 4. Nf3 Nc6 5. Nbd2 Bg4 6. c3 e6 7. Qa4 a6 8. Ne5
Rc8 9. Nxc6 Qd7 10. h3 Bf5 11. dxc5 Bxc5 12. Nb3 Bb6 13. Nbd4 Bxd4 14. Qxd4
Rxc6 15. Be5 Qe7 16. Be2 O-O 17. Rd1 Nd7 18. Bxg7 Rfc8 19. Be5 Qg5 20. Bg3 Nc5
21. h4 Qd8 22. h5 Nd7 23. h6 Qf6 24. Qxf6 Nxf6 25. Rh4 Kf8 26. Rb4 b5 27. Bh4
Ne4 28. a4 bxa4 29. Ra1 Nc5 30. Bf6 Nd3+ 31. Bxd3 Bxd3 32. Raxa4 Ke8 33. Rb7
R6c7 34. Rab4 Kd7 35. Be5 Rxb7 36. Rxb7+ Ke8 37. Kd2 Bb5 38. Bd6 Rc6 39. Bb4
Rc4 40. Re7+ Kf8 41. Ra7+ Ke8 42. Ra8+ Kd7 43. Rf8 Rg4 44. Rxf7+ Kc6 45. Rg7
Rh4 46. Rxh7 Rh2 47. Be7 Rxg2 48. Bh4 Rh2 49. Bg3 Rh3 50. Rc7+ Kb6 51. h7 Rh5
52. Re7 Kc5 53. Be5 a5 54. h8=Q Rxh8 55. Bxh8 Kd6 56. Ra7 a4 57. e4 dxe4 58.
Ke3 e5 59. Bxe5+ Kc6 60. Kxe4 Kb6 61. Bd4+ Kc6 62. f4 Kd6 63. f5 Kc6 64. f6 a3
65. Rxa3 Kd6 66. Ra7 Ke6 67. f7 Bd3+ 68. Kf4 Bh7 69. c4 Be4 70. Be5 Bb7 71.
f8=Q Bc6 72. Qf7# 1-0

[Event "Excelsior March op"]
[Site "Toronto CAN"]
[Date "2023.03.12"]
[Round "5.3"]
[White "Mao, Fengxi"]
[Black "Atanasov, Anthony"]
[Result "1/2-1/2"]
[WhiteElo "1987"]
[BlackElo "2361"]
[PlyCount "140"]
[EventDate "2023.03.19"]
[EventType "swiss"]
[EventRounds "5"]
[EventCountry "CAN"]

1. e4 e5 2. Nf3 Nf6 3. Nxe5 d6 4. Nd3 Nxe4 5. Qe2 Qe7 6. Nf4 Nc6 7. Nd5 Nd4 8.
Nxe7 Nxe2 9. Nd5 Nd4 10. Na3 Ne6 11. f3 N4c5 12. d4 c6 13. dxc5 cxd5 14. cxd6
Bxd6 15. Be3 d4 16. Nc4 Bc7 17. Bf2 Ke7 18. O-O-O Rd8 19. Bd3 h6 20. Rhe1 Kf6
21. Nd2 g6 22. Nb3 Bb6 23. Bg3 Rd5 24. Bc4 Rh5 25. Kb1 Bd7 26. Bxe6 Bxe6 27.
Nxd4 Bxd4 28. Rxd4 Rc8 29. Rb4 b6 30. Ra4 a5 31. Kc1 Rhc5 32. c3 R8c6 33. Rf4+
Rf5 34. Rxf5+ Kxf5 35. a4 Bb3 36. Re5+ Kf6 37. Re4 g5 38. Kd2 Kg6 39. Rd4 Kf5
40. Bf2 f6 41. Be3 Ke6 42. h4 Ke7 43. Ke2 Rc4 44. Kf2 Rc6 45. g3 Bc2 46. Kg2
Re6 47. Kf2 Rc6 48. g4 Bb3 49. Kg3 Re6 50. Re4 Rxe4 51. fxe4 Bxa4 52. hxg5 hxg5
53. Bxb6 Bc6 54. e5 a4 55. Bc5+ Ke6 56. exf6 Kxf6 57. Bd4+ Ke6 58. Be3 Kf6 59.
c4 Bb7 60. c5 Bc6 61. Bd2 Bb7 62. Ba5 Ke7 63. Bd2 Kf6 64. Ba5 Ke7 65. Bc7 Bd5
66. Be5 Ke6 67. Bd4 Bb3 68. Be3 Kd5 69. Bxg5 a3 70. bxa3 Kxc5 1/2-1/2

[Event "Excelsior March Rapid"]
[Site "Toronto CAN"]
[Date "2023.03.18"]
[Round "2.2"]
[White "Noritsyn, Nikolay"]
[Black "Atanasov, Anthony"]
[Result "1-0"]
[WhiteElo "2592"]
[BlackElo "2327"]
[PlyCount "75"]
[EventDate "2023.03.18"]
[EventType "swiss (rapid)"]
[EventRounds "5"]
[EventCountry "CAN"]

1. c4 Nf6 2. Nc3 e5 3. e3 Nc6 4. Nf3 h6 5. d3 d5 6. cxd5 Nxd5 7. Be2 Be7 8. O-O
O-O 9. a3 Kh8 10. Qc2 f5 11. Bd2 Be6 12. b4 Bf6 13. Rac1 Nxc3 14. Bxc3 Qd5 15.
e4 Qd7 16. b5 Nd4 17. Bxd4 exd4 18. Qxc7 Qxb5 19. e5 Bd8 20. Qd6 Re8 21. Nxd4
Qb6 22. Bh5 Re7 23. Rb1 Qc7 24. Rfc1 Qd7 25. Qxd7 Bxd7 26. Rxb7 Bb6 27. e6 Bxd4
28. exd7 Rd8 29. Be8 Kh7 30. Kf1 Bb6 31. Rc8 Ba5 32. g3 f4 33. gxf4 Re1+ 34.
Kg2 Re7 35. f5 h5 36. h4 Kh6 37. Rxd8 Bxd8 38. Rb8 1-0

[Event "Excelsior March Rapid"]
[Site "Toronto CAN"]
[Date "2023.03.18"]
[Round "3.6"]
[White "Atanasov, Anthony"]
[Black "Cummings, David"]
[Result "1/2-1/2"]
[WhiteElo "2327"]
[BlackElo "2402"]
[PlyCount "150"]
[EventDate "2023.03.18"]
[EventType "swiss (rapid)"]
[EventRounds "5"]
[EventCountry "CAN"]

1. d4 Nf6 2. Nf3 e6 3. Bf4 d5 4. e3 Bd6 5. Nbd2 O-O 6. a3 c5 7. dxc5 Bxf4 8.
exf4 Qc7 9. g3 Qxc5 10. Nb3 Qb6 11. Bg2 Nc6 12. O-O Bd7 13. Ne5 Be8 14. Qd2 a5
15. a4 Nd7 16. Nf3 f6 17. f5 Bf7 18. fxe6 Bxe6 19. Nfd4 Bf7 20. Nb5 Nc5 21.
Nxc5 Qxc5 22. c3 Rad8 23. Rfd1 Bh5 24. Re1 d4 25. cxd4 Nxd4 26. Nxd4 Rxd4 27.
Qe3 b6 28. Rac1 Qb4 29. Rc8 Rxc8 30. Qe6+ Bf7 31. Qxc8+ Qf8 32. Qc7 Qd8 33. Qc6
h6 34. h4 Rd1 35. Rxd1 Qxd1+ 36. Kh2 Qd8 37. Be4 g6 38. Qc3 h5 39. b4 axb4 40.
Qxb4 Kg7 41. Kg2 Bd5 42. Qd4 Bxe4+ 43. Qxe4 Qd6 44. Qb7+ Kh6 45. Qf7 g5 46. Qe8
gxh4 47. gxh4 Qd4 48. Qf8+ Kg6 49. Qg8+ Kh6 50. Qf8+ Kg6 51. Qg8+ Kh6 52. Qh8+
Kg6 53. Qe8+ Kh6 54. Qe3+ Qxe3 55. fxe3 Kg6 56. e4 f5 57. e5 f4 58. Kf3 Kf5 59.
e6 Kxe6 60. Kxf4 Kf6 61. Ke4 Ke6 62. Kf4 Kf6 63. Ke4 Ke6 64. Kd4 Kd6 65. Kc4
Kc6 66. Kb4 Kc7 67. Kc3 Kd7 68. Kd3 Kc6 69. Kc4 Kd6 70. Kd4 Kc6 71. Kc4 Kd6 72.
Kb5 Kc7 73. Kb4 Kd6 74. Kc4 Kc6 75. Kd4 Kd6 1/2-1/2

[Event "Excelsior March GM Norm"]
[Site "Toronto CAN"]
[Date "2023.03.13"]
[Round "1.5"]
[White "Atanasov, Anthony"]
[Black "Sambuev, Bator"]
[Result "0-1"]
[WhiteElo "2361"]
[BlackElo "2434"]
[PlyCount "166"]
[EventDate "2023.03.13"]
[EventType "tourn"]
[EventRounds "9"]
[EventCountry "CAN"]

1. d4 d6 2. e4 Nf6 3. Nc3 e5 4. Nf3 Nbd7 5. Bc4 Be7 6. h3 O-O 7. O-O c6 8. a4
exd4 9. Qxd4 Ne8 10. Bf4 Bf6 11. Qd2 Qb6 12. a5 Qc5 13. Bb3 Qh5 14. Bxd6 Nxd6
15. Qxd6 Ne5 16. Nxe5 Bxe5 17. Qd1 Qh4 18. Qf3 g5 19. Qe3 Kh8 20. Ne2 Bxb2 21.
Ra4 Bg7 22. e5 Qh6 23. Rd1 Qg6 24. Rd6 Be6 25. Nd4 Rae8 26. a6 bxa6 27. Rxc6 g4
28. Nxe6 gxh3 29. Qxh3 fxe6 30. Rxe6 Rxe6 31. Qxe6 Qxe6 32. Bxe6 Bxe5 33. g3
Bc7 34. Kg2 Rf6 35. Re4 a5 36. f4 Kg7 37. Bb3 Rc6 38. Re7+ Kg6 39. Kh3 Rc3 40.
Re6+ Kf5 41. Re8 Bb6 42. Kg2 Kf6 43. Re6+ Kg7 44. f5 Bd8 45. Re4 Bf6 46. Rg4+
Kh6 47. Rg8 Bg7 48. g4 Rc7 49. Re8 Kg5 50. Re4 Bf6 51. Kf3 Rc3+ 52. Kf2 Bd8 53.
Ke2 Rg3 54. Re8 Bf6 55. Kf2 Rxg4 56. Be6 h5 57. c4 a4 58. Ke2 a3 59. Rg8+ Kf4
60. Rxg4+ hxg4 61. c5 Ke5 62. Kd3 Be7 63. c6 Kd6 64. Bd5 Bf6 65. Kc2 Kxd5 66.
c7 a2 67. c8=Q a1=Q 68. Qg8+ Ke5 69. Qxg4 Qd4 70. Qg8 Kf4 71. Kb3 Qd3+ 72. Ka4
Qa6+ 73. Kb4 Be7+ 74. Kc3 Qc6+ 75. Kb2 Qb5+ 76. Kc2 Qa4+ 77. Kc3 Bf6+ 78. Kd3
Qa3+ 79. Kc2 Qb2+ 80. Kd3 Qc3+ 81. Ke2 Qc2+ 82. Kf1 Qd1+ 83. Kg2 Qg4+ 0-1

[Event "Excelsior March GM Norm"]
[Site "Toronto CAN"]
[Date "2023.03.13"]
[Round "2.2"]
[White "Dukic, Zachary"]
[Black "Atanasov, Anthony"]
[Result "0-1"]
[WhiteElo "2238"]
[BlackElo "2361"]
[PlyCount "154"]
[EventDate "2023.03.13"]
[EventType "tourn"]
[EventRounds "9"]
[EventCountry "CAN"]

1. e4 e5 2. Nf3 Nf6 3. Nxe5 d6 4. Nf3 Nxe4 5. d4 d5 6. Bd3 Bd6 7. O-O O-O 8. c4
c6 9. Qc2 f5 10. Nc3 Be6 11. Qb3 Qb6 12. Qxb6 axb6 13. cxd5 Bxd5 14. Nxd5 cxd5
15. Ne1 Nc6 16. Nc2 f4 17. Re1 Rfe8 18. f3 Ng5 19. Rxe8+ Rxe8 20. Bd2 g6 21.
Bc3 Kf7 22. Bb5 Ne6 23. Ba4 Rd8 24. Kf2 Be7 25. Ke2 Bf6 26. Kd3 Ncxd4 27. Bxd4
Bxd4 28. Nxd4 Nc5+ 29. Kd2 Nxa4 30. Rc1 Nxb2 31. Rc7+ Kf6 32. Rxh7 Nc4+ 33. Kc3
Ra8 34. Ne2 g5 35. Nc1 Rc8 36. Nb3 Ne5+ 37. Kd2 Nf7 38. g4 Ra8 39. h4 Rxa2+ 40.
Kc3 Kg6 41. Rh5 Rf2 42. Nd4 gxh4 43. Nf5 Rxf3+ 44. Kd4 Rf1 45. Nxh4+ Kg7 46.
Kxd5 f3 47. Ke4 f2 48. Kf3 Rg1 49. Kxf2 Rxg4 50. Nf3 Rb4 51. Rd5 Kf6 52. Rd7
Rb2+ 53. Ke1 Ke6 54. Rxb7 Nd6 55. Rh7 Kd5 56. Kd1 Nc4 57. Rd7+ Kc5 58. Kc1 Rf2
59. Nd4 Kb4 60. Rh7 Ne5 61. Nc2+ Kc4 62. Rc7+ Kb3 63. Nd4+ Ka4 64. Rc3 Kb4 65.
Rh3 Kc4 66. Nc2 Nd3+ 67. Kb1 Rd2 68. Rh8 Kc3 69. Rc8+ Nc5 70. Ne3 Rd3 71. Ng4
Rd1+ 72. Ka2 Rd2+ 73. Kb1 Rb2+ 74. Ka1 Kb3 75. Rb8 Na4 76. Ne3 Re2 77. Nc2 Rxc2
0-1

[Event "Excelsior March GM Norm"]
[Site "Toronto CAN"]
[Date "2023.03.14"]
[Round "3.4"]
[White "Atanasov, Anthony"]
[Black "Ivanov, Mike"]
[Result "1/2-1/2"]
[WhiteElo "2361"]
[BlackElo "2299"]
[PlyCount "92"]
[EventDate "2023.03.13"]
[EventType "tourn"]
[EventRounds "9"]
[EventCountry "CAN"]

1. d4 Nf6 2. Nf3 e6 3. Bf4 b6 4. e3 Bb7 5. Bd3 Be7 6. c4 Nh5 7. h4 Nxf4 8. exf4
Bxf3 9. Qxf3 Nc6 10. d5 Nb4 11. Nc3 exd5 12. cxd5 Nxd3+ 13. Qxd3 O-O 14. O-O-O
f5 15. Nb5 a6 16. Nd4 Bd6 17. Nxf5 Qf6 18. g4 Bxf4+ 19. Kb1 g6 20. Qe4 Bd6 21.
Nh6+ Kg7 22. g5 Qf4 23. Qd3 Rae8 24. Rhe1 Bb4 25. Rxe8 Rxe8 26. a3 Bd6 27. Qc3+
Qe5 28. Qh3 Re7 29. Rd3 Qe1+ 30. Ka2 Qxf2 31. Rf3 Qd4 32. Qf1 Qxd5+ 33. Ka1
Re1+ 34. Qxe1 Qxf3 35. Qe8 Qh1+ 36. Ka2 Qd5+ 37. Ka1 Qe6 38. Qd8 Qe1+ 39. Ka2
Qe6+ 40. Ka1 a5 41. Qc8 Qe1+ 42. Ka2 Qe6+ 43. Ka1 Bg3 44. Qd8 Qe1+ 45. Ka2 Qe6+
46. Ka1 Bd6 1/2-1/2

[Event "Excelsior March GM Norm"]
[Site "Toronto CAN"]
[Date "2023.03.14"]
[Round "4.2"]
[White "Nagy, Gabor"]
[Black "Atanasov, Anthony"]
[Result "1/2-1/2"]
[WhiteElo "2497"]
[BlackElo "2361"]
[PlyCount "81"]
[EventDate "2023.03.13"]
[EventType "tourn"]
[EventRounds "9"]
[EventCountry "CAN"]

1. c4 e5 2. Nc3 Nf6 3. Nf3 Nc6 4. d3 h6 5. a3 d5 6. cxd5 Nxd5 7. Bd2 Be7 8. Rc1
O-O 9. g3 Nb6 10. Bg2 Be6 11. O-O Qc8 12. Ne4 Bh3 13. Bxh3 Qxh3 14. b4 a6 15.
Qb3 Qd7 16. Bc3 Bd6 17. Rfd1 Rfe8 18. a4 Kh8 19. b5 axb5 20. axb5 Na5 21. Qb1
f5 22. Ned2 Nd5 23. Ba1 f4 24. Ne4 fxg3 25. hxg3 Qg4 26. Re1 Re6 27. Nh2 Qh3
28. Kh1 Rg6 29. Rg1 Nf6 30. Nxf6 Rxf6 31. f3 Rf5 32. Rg2 Rh5 33. Qa2 e4 34.
dxe4 Bxg3 35. Bxg7+ Kxg7 36. Rxc7+ Kh8 37. Qf7 Qxh2+ 38. Rxh2 Rxh2+ 39. Kg1
Bxc7 40. Qxc7 Rxe2 41. Qe5+ 1/2-1/2

[Event "Excelsior March GM Norm"]
[Site "Toronto CAN"]
[Date "2023.03.15"]
[Round "5.2"]
[White "Atanasov, Anthony"]
[Black "Mikhalevski, Victor"]
[Result "1/2-1/2"]
[WhiteElo "2361"]
[BlackElo "2519"]
[PlyCount "48"]
[EventDate "2023.03.13"]
[EventType "tourn"]
[EventRounds "9"]
[EventCountry "CAN"]

1. Nf3 Nf6 2. c4 g6 3. Nc3 Bg7 4. e4 e5 5. Nxe5 O-O 6. d3 Re8 7. Nf3 d5 8. cxd5
Nxd5 9. Nxd5 Qxd5 10. Be2 Qd6 11. h3 c5 12. O-O Nc6 13. a3 b6 14. Qc2 Nd4 15.
Nxd4 Bxd4 16. Be3 Bxe3 17. fxe3 Bxh3 18. Rf4 Be6 19. Qc3 Qd8 20. Rf6 Rc8 21.
Raf1 Rc7 22. Qe1 Rd7 23. Qc3 a5 24. b3 Rc7 1/2-1/2

[Event "Excelsior March GM Norm"]
[Site "Toronto CAN"]
[Date "2023.03.15"]
[Round "6.3"]
[White "Noritsyn, Nikolay"]
[Black "Atanasov, Anthony"]
[Result "1-0"]
[WhiteElo "2460"]
[BlackElo "2361"]
[PlyCount "131"]
[EventDate "2023.03.13"]
[EventType "tourn"]
[EventRounds "9"]
[EventCountry "CAN"]

1. c4 Nf6 2. Nc3 e5 3. g3 Bc5 4. Bg2 c6 5. e3 Bb6 6. Nf3 e4 7. Nd4 d5 8. cxd5
cxd5 9. d3 Bg4 10. Qa4+ Bd7 11. Qa3 exd3 12. Ndb5 Bxb5 13. Nxb5 Ba5+ 14. Bd2
Bxd2+ 15. Kxd2 Nc6 16. Nd6+ Kf8 17. Nxb7+ Qe7 18. Qxe7+ Kxe7 19. Nc5 Rab8 20.
b3 Rhd8 21. Rhc1 Nb4 22. Rc3 Ng4 23. a3 d4 24. exd4 Nc2 25. Ra2 Nxd4 26. b4
Nxf2 27. Ke1 Ng4 28. Rxd3 Ne5 29. Re3 f6 30. Nd3 Nf5 31. Nxe5 Nxe3 32. Nc6+ Kd6
33. Bf3 Kc7 34. Nxb8 Kxb8 35. Rd2 Re8 36. Kf2 Re7 37. Re2 Nd1+ 38. Ke1 Ne3 39.
Kd2 Nc4+ 40. Kc3 Ne5 41. Kb3 Re6 42. Bd5 Rd6 43. Be4 h5 44. a4 a5 45. bxa5 Rd4
46. Bc2 Ka7 47. Re4 Rd5 48. Rh4 Nc6 49. Be4 Nxa5+ 50. Kb4 Rg5 51. Bf3 Rf5 52.
Rf4 Re5 53. Rd4 g5 54. Rd7+ Kb6 55. Rd6+ Ka7 56. Bd5 Kb8 57. Kxa5 Kc7 58. Rc6+
Kd7 59. Rc5 Kd6 60. Kb6 f5 61. a5 f4 62. gxf4 gxf4 63. a6 f3 64. a7 f2 65. a8=Q
f1=Q 66. Qd8# 1-0

[Event "Excelsior March GM Norm"]
[Site "Toronto CAN"]
[Date "2023.03.16"]
[Round "7.1"]
[White "Atanasov, Anthony"]
[Black "Ibarra Chami, Luis Fernando"]
[Result "1-0"]
[WhiteElo "2361"]
[BlackElo "2447"]
[PlyCount "71"]
[EventDate "2023.03.13"]
[EventType "tourn"]
[EventRounds "9"]
[EventCountry "CAN"]

1. d4 d5 2. Bf4 Nf6 3. e3 e6 4. Nf3 c5 5. a3 Nc6 6. h3 a6 7. dxc5 Bxc5 8. b4
Be7 9. c4 dxc4 10. Qxd8+ Bxd8 11. Bxc4 b5 12. Bd3 Ke7 13. Ke2 Bb7 14. Rc1 Bb6
15. Nbd2 Nd7 16. Rc2 Rac8 17. Rac1 Na7 18. Bc7 Bc6 19. Bxb6 Nxb6 20. Ne5 Bxg2
21. Rc7+ Rxc7 22. Rxc7+ Kd6 23. Rxa7 Kxe5 24. Rxf7 Bxh3 25. f4+ Kd5 26. Rxg7 h5
27. Be4+ Kd6 28. Bb7 Bf5 29. e4 Bg4+ 30. Ke3 e5 31. f5 Bd1 32. Bxa6 Ra8 33.
Bxb5 Rxa3+ 34. Kf2 Ra2 35. Ke1 Ra1 36. Nc4+ 1-0

[Event "Excelsior March GM Norm"]
[Site "Toronto CAN"]
[Date "2023.03.16"]
[Round "8.5"]
[White "Plotkin, Mark"]
[Black "Atanasov, Anthony"]
[Result "1/2-1/2"]
[WhiteElo "2365"]
[BlackElo "2361"]
[PlyCount "126"]
[EventDate "2023.03.13"]
[EventType "tourn"]
[EventRounds "9"]
[EventCountry "CAN"]

1. d4 Nf6 2. Nf3 g6 3. c4 Bg7 4. Nc3 d5 5. cxd5 Nxd5 6. g3 c5 7. Qb3 Nxc3 8.
bxc3 cxd4 9. Nxd4 e5 10. Nc2 Be6 11. Qb5+ Bd7 12. Qd3 O-O 13. Bg2 Bc6 14. O-O
Qxd3 15. exd3 Rd8 16. Rd1 Bxg2 17. Kxg2 Na6 18. Rb1 Nc5 19. d4 Ne4 20. Bb2 Rac8
21. Ne3 b6 22. dxe5 Bxe5 23. Rxd8+ Rxd8 24. Rd1 Rxd1 25. Nxd1 f5 26. Kf3 Kf7
27. Ke3 Ke6 28. f3 Nd6 29. Kd3 b5 30. Ba3 Nc4 31. Bc5 a6 32. Bf2 Kd5 33. Ne3+
Nxe3 34. Bxe3 h5 35. Bg5 Bd6 36. Bf6 Bc7 37. Bg5 Be5 38. Be7 f4 39. g4 hxg4 40.
fxg4 f3 41. h4 Bxc3 42. Ke3 a5 43. h5 gxh5 44. gxh5 a4 45. Kxf3 b4 46. Ke2 a3
47. Bxb4 Bxb4 48. Kd3 Ke6 49. h6 Kf7 50. h7 Kg7 51. h8=N Be7 52. Ng6 Kxg6 53.
Kc2 Kf5 54. Kb1 Ke4 55. Kc1 Ke3 56. Kb1 Kd3 57. Kc1 Bf8 58. Kb1 Bh6 59. Ka1 Kc3
60. Kb1 Bf8 61. Kc1 Bh6+ 62. Kb1 Kd2 63. Ka1 Kc1 1/2-1/2

[Event "Excelsior March GM Norm"]
[Site "Toronto CAN"]
[Date "2023.03.17"]
[Round "9.5"]
[White "Atanasov, Anthony"]
[Black "Posthuma, Joshua"]
[Result "1/2-1/2"]
[WhiteElo "2361"]
[BlackElo "2441"]
[PlyCount "130"]
[EventDate "2023.03.13"]
[EventType "tourn"]
[EventRounds "9"]
[EventCountry "CAN"]

1. e4 c6 2. d4 d5 3. exd5 cxd5 4. Bd3 Nc6 5. c3 Qc7 6. h3 Nf6 7. Nf3 g6 8. Qc2
Nh5 9. O-O Nf4 10. Bb5 Bg7 11. Re1 O-O 12. Bxc6 bxc6 13. Ne5 Bf5 14. Qd1 Ne6
15. Ng4 Bxg4 16. Qxg4 c5 17. dxc5 Nxc5 18. Qe2 e5 19. Rd1 Rad8 20. Bg5 Rd7 21.
Na3 f5 22. Be3 Ne6 23. Qa6 Rd6 24. Qa4 a6 25. f3 Rfd8 26. Rac1 e4 27. fxe4 dxe4
28. Rxd6 Qxd6 29. Nc4 Qd5 30. Bb6 Rc8 31. Ne3 Qc6 32. Qxc6 Rxc6 33. Nd5 Rd6 34.
c4 Rxb6 35. Nxb6 Bd4+ 36. Kf1 Bxb6 37. b4 Kf7 38. c5 Bc7 39. a4 Ke7 40. b5 axb5
41. axb5 Bf4 42. Rc4 Kd7 43. Ra4 Nxc5 44. Ra7+ Kc8 45. Rxh7 e3 46. Rg7 Ne4 47.
Rxg6 Ng3+ 48. Ke1 Be5 49. Re6 Bc3+ 50. Kd1 e2+ 51. Rxe2 Nxe2 52. Kxe2 f4 53.
Kd3 Be5 54. Ke4 Bb8 55. Kf5 Kd7 56. h4 Ke7 57. h5 Kf7 58. h6 Bc7 59. b6 Bb8 60.
Kg5 Bd6 61. Kf5 Kg8 62. b7 Kh7 63. Kg5 Bb8 64. Kh5 Bc7 65. Kg5 Bb8 1/2-1/2

[Event "Titled Tuesday 2023.02.07 Late"]
[Site "chess.com INT"]
[Date "2023.02.07"]
[Round "1"]
[White "Atanasov, Anthony"]
[Black "Ward, I."]
[Result "1-0"]
[WhiteElo "2361"]
[BlackElo "2028"]
[PlyCount "115"]
[EventDate "2023.02.07"]
[EventType "swiss (blitz)"]
[EventRounds "11"]
[EventCountry "NET"]
[Source "Mark Crowther"]
[SourceDate "2023.02.13"]

1. d4 Nf6 2. Nf3 e6 3. Bf4 d5 4. e3 Bd6 5. Nbd2 c5 6. c3 Nc6 7. Bg3 O-O 8. Bd3
a6 9. a4 Re8 10. Ne5 cxd4 11. exd4 Qc7 12. Qe2 Bxe5 13. dxe5 Nd7 14. Nf3 f6 15.
exf6 e5 16. f7+ Kxf7 17. Ng5+ Ke7 18. Qh5 Nd8 19. Qxh7 Kd6 20. Qg6+ Re6 21.
Qxg7 Re7 22. Qg6+ Ne6 23. Nf7+ Kc6 24. Bf5 Ndf8 25. Nxe5+ Qxe5+ 26. Bxe5 Nxg6
27. Bxg6 Nf4 28. O-O-O Rxe5 29. Bc2 Nxg2 30. Rhg1 Nf4 31. Rg7 Bg4 32. Rxg4 Rf8
33. Rd2 Ne2+ 34. Kb1 Rxf2 35. Rg6+ Kc7 36. Rg7+ Kb8 37. Rg8+ Ka7 38. Ka1 Rxh2
39. Bd3 Rh1+ 40. Ka2 Nf4 41. Bc2 Ne2 42. Bb3 Nc1+ 43. Ka3 Nxb3 44. Kxb3 Rh4 45.
Rg7 Ree4 46. Rxd5 Rxa4 47. Rdd7 Ra5 48. Rxb7+ Ka8 49. Ra7+ Kb8 50. Rab7+ Ka8
51. Ra7+ Kb8 52. Rgb7+ Kc8 53. Rg7 Rb5+ 54. Kc2 Rh8 55. Ra8+ Rb8 56. Rxa6 Rh2+
57. Kd3 Rhxb2 58. Rh6 1-0

[Event "Titled Tuesday 2023.01.24 Late"]
[Site "chess.com INT"]
[Date "2023.01.24"]
[Round "1"]
[White "Argandona Riveiro, I."]
[Black "Atanasov, Anthony"]
[Result "0-1"]
[WhiteElo "2359"]
[BlackElo "2361"]
[PlyCount "138"]
[EventDate "2023.01.24"]
[EventType "swiss (blitz)"]
[EventRounds "11"]
[EventCountry "NET"]
[Source "Mark Crowther"]
[SourceDate "2023.01.30"]

1. Nf3 Nf6 2. c4 c5 3. Nc3 g6 4. e4 Nc6 5. d4 cxd4 6. Nxd4 Bg7 7. Be3 O-O 8.
Be2 d6 9. O-O Nxd4 10. Bxd4 Be6 11. Rc1 Rc8 12. b3 Qa5 13. f3 Nh5 14. f4 Bxd4+
15. Qxd4 Nf6 16. f5 Bd7 17. fxg6 hxg6 18. Rxf6 exf6 19. Nd5 Be6 20. Nxf6+ Kh8
21. Nd7+ Kg8 22. Nf6+ Kh8 23. Nd7+ Kh7 24. Nxf8+ Rxf8 25. Qxd6 Qg5 26. Rd1 Qe3+
27. Kf1 Re8 28. Qg3 Qxe4 29. Qf3 Qe5 30. Qg3 Qb2 31. Qh4+ Kg8 32. Qd4 Qxa2 33.
Rd3 Qb1+ 34. Bd1 Bf5 35. Rd2 Qe4 36. Qxe4 Rxe4 37. Bc2 Rf4+ 38. Ke1 Be6 39.
Rd8+ Kg7 40. Rb8 b6 41. Rb7 Rh4 42. h3 Rd4 43. Rxa7 Rd6 44. Rb7 Bd7 45. Rb8 Bc6
46. Rxb6 Re6+ 47. Kd2 Rd6+ 48. Kc3 Rf6 49. b4 Bxg2 50. Bd3 Rxb6 51. c5 Rf6 52.
b5 Bxh3 53. b6 Bc8 54. Kb4 g5 55. Be4 g4 56. c6 g3 57. b7 Bxb7 58. cxb7 Rb6+
59. Kc5 Rb2 60. Kc6 Kf6 61. Kc7 Ke5 62. Bg2 f5 63. b8=Q Rxb8 64. Kxb8 Kd4 65.
Kc7 Ke3 66. Kd6 f4 67. Ke5 f3 68. Bh3 g2 69. Bxg2 fxg2 0-1

[Event "Titled Tuesday 2023.01.24 Late"]
[Site "chess.com INT"]
[Date "2023.01.24"]
[Round "2"]
[White "Atanasov, Anthony"]
[Black "Pap, G."]
[Result "0-1"]
[WhiteElo "2361"]
[BlackElo "2429"]
[PlyCount "50"]
[EventDate "2023.01.24"]
[EventType "swiss (blitz)"]
[EventRounds "11"]
[EventCountry "NET"]
[Source "Mark Crowther"]
[SourceDate "2023.01.30"]

1. d4 d5 2. Bf4 c5 3. e3 Nc6 4. Nf3 cxd4 5. Nxd4 Qb6 6. Nc3 Nf6 7. Ndb5 e5 8.
Bg5 d4 9. exd4 Nxd4 10. Bxf6 gxf6 11. Nd5 Qa5+ 12. c3 Ne6 13. Nxf6+ Ke7 14.
Nd5+ Ke8 15. Nf6+ Ke7 16. Nd5+ Kd8 17. Ndc7+ Bd7 18. Nxa8 Rg8 19. b4 Qa6 20.
Nbc7 Qc6 21. Bb5 Qxc3+ 22. Kf1 Nd4 23. Bxd7 Qc4+ 24. Ke1 Bxb4+ 25. Qd2 Qe2# 0-1

[Event "Titled Tuesday 2023.01.24 Late"]
[Site "chess.com INT"]
[Date "2023.01.24"]
[Round "3"]
[White "Silva, Mi3"]
[Black "Atanasov, Anthony"]
[Result "1-0"]
[WhiteElo "2213"]
[BlackElo "2361"]
[PlyCount "111"]
[EventDate "2023.01.24"]
[EventType "swiss (blitz)"]
[EventRounds "11"]
[EventCountry "NET"]
[Source "Mark Crowther"]
[SourceDate "2023.01.30"]

1. c4 e5 2. Nc3 Nf6 3. g3 d5 4. cxd5 Nxd5 5. Bg2 Nb6 6. Nf3 Nc6 7. O-O Be7 8.
d3 O-O 9. a3 a5 10. Be3 Be6 11. Rc1 f5 12. Na4 Nxa4 13. Qxa4 Bd5 14. Rfd1 Qe8
15. Qb5 Rd8 16. Rxc6 Qxc6 17. Qxc6 Bxc6 18. Nxe5 Bxg2 19. Kxg2 Rd5 20. Nf3 Rb5
21. Rd2 Bf6 22. Bd4 Bxd4 23. Nxd4 Rd5 24. Ne6 Rf7 25. Rc2 c6 26. h4 Re7 27. Nf4
Rd6 28. e3 h6 29. h5 Re5 30. d4 Rb5 31. Kf3 a4 32. Rc4 Rxb2 33. Rxa4 Kf7 34.
Ra8 Rd7 35. Ng6 Kf6 36. Rf8+ Kg5 37. Nf4 Rb3 38. Ne6+ Kxh5 39. Rxf5+ Kg6 40. g4
h5 41. Nf8+ Kh6 42. Nxd7 hxg4+ 43. Kxg4 Rxa3 44. Ne5 g6 45. Rf6 Kh7 46. Rf7+
Kh6 47. Rxb7 c5 48. dxc5 Ra1 49. f4 Rg1+ 50. Kf3 Rf1+ 51. Ke4 Rc1 52. Rb6 Kh5
53. Rxg6 Rxc5 54. Rg5+ Kh6 55. Nf7+ Kh7 56. Rxc5 1-0